| 000 | 00373 a2200145 4500 | ||
|---|---|---|---|
| 003 | OSt | ||
| 005 | 20180116182711.0 | ||
| 008 | 160817b xxu||||| |||| 00| 0 eng d | ||
| 020 | _a8120309138 | ||
| 040 | _c0 | ||
| 100 | _aStan Paliwoda | ||
| 245 |
_aThe essence of international marketing. _cstan Paliwoda |
||
| 260 |
_aNew Delhi _c1996 |
||
| 942 |
_aNBS _cBK _k658.8 PAL _2ddc |
||
| 999 |
_c344373 _d344373 |
||